| 000 | 00000nam##2200000za#4500 |
| 001 | 9.601272 |
| 003 | CaOODSP |
| 005 | 20220623094113 |
| 007 | cr ||||||||||| |
| 008 | 150406|2000||||xxc|||||o f|0| 0 fre|d |
| 040 | |aCaOODSP|bfre |
| 043 | |an-cn--- |
| 086 | 1 |aC21-23/26-2000F-PDF |
| 110 | 1 |aCanada. |bIndustrie Canada. |
| 245 | 10|aLes PME, l'exportation et la création d'emploi : une analyse au niveau de l'entreprise : |h[ressource électronique]|bdocument hors série n° 26, décembre 2000 / |cpar Élisabeth Lefebvre et Louis A. Lefebvre. |
| 260 | |aOttawa - Ontario : |bIndustrie Canada |cDécembre 2000. |
| 300 | |a74p.|bfigure, tableaux |
| 490 | 1 |aDocument hors série|vN° 26 |
| 504 | |aBibliographie. |
| 590 | |a11-09-Supp|b2011-06-30 |
| 720 | 1 |aLefebvre, Louis A. |
| 720 | 1 |aLefebvre, Elisabeth |
| 775 | 08|tSMEs, exports and job creation - a firm-level analysis : |w(CaOODSP)9.570624 |
| 776 | 0#|tSMEs, exports and job creation : |w(CaOODSP)9.533978 |
| 776 | 0#|tLes PME, l'exportation et la création d'emploi : |w(CaOODSP)9.533979 |
| 830 | #0|aDocument hors série (Canada. Industrie Canada)|vN° 26|w(CaOODSP)9.501162 |
| 856 | 40|ahttp://publications.gc.ca|qPDF|s297 Ko|uhttps://publications.gc.ca/collections/Collection/C21-23-26-2000F.pdf|yN° 26 |